[Event "Never Again!!!"]
[Site "http://www.queenalice.com/game.php?id=370615"]
[Date "2008.3.14"]
[Round "-"]
[White "Daimonlex"]
[Black "luccalucas"]
[Result "0-1"]
[WhiteElo "1629"]
[BlackElo "2011"]

1. e4 e5 2. d4 exd4 3. c3 dxc3 4. Bc4 Bb4 5. Bxf7+ Kxf7 6. Qb3+ d5 7. Qxb4 cxb2
8. Bxb2 a5 9. Qd4 Qf6 10. Qxd5+ Qe6 11. Qd4 Nf6 12. Nd2 Nc6 13. Qe3 Re8 14. Ngf3
h6 15. Nd4 Nxd4 16. Qxd4 Ra6 17. O-O Rd6 18. Qc3 Kg8 19. Rfe1 b6 20. e5 Rc6 21.
exf6 Qxe1+ 22. Rxe1 Rxe1+ 23. Nf1 Rxc3 24. Bxc3 Rc1 25. Bb2 Rb1 26. Bc3 Ba6 27.
h3 Rxf1+ 28. Kh2 Rxf2 29. fxg7 Rxa2 30. Be5 Bb7 31. Kg3 Rxg2+ 0-1

[Event "371"]
[Site "http://www.queenalice.com/game.php?id=371059"]
[Date "2008.3.14"]
[Round "-"]
[White "phystutordotcom"]
[Black "Daimonlex"]
[Result "1-0"]
[WhiteElo "1941"]
[BlackElo "1646"]

1. Nf3 d5 2. d3 c5 3. Nbd2 Nc6 4. g3 Nf6 5. Bg2 e6 6. O-O Qc7 7. e4 dxe4 8. dxe4
Be7 9. Re1 O-O 10. c3 b6 11. e5 Nd7 12. Nc4 Bb7 13. Bf4 Rad8 14. Qa4 a6 15. Nd6
f6 16. Nxb7 Qxb7 17. exf6 Nxf6 18. Ne5 Nd5 19. Qxc6 Qxc6 20. Nxc6 1-0

[Event "War Belt"]
[Site "http://www.queenalice.com/game.php?id=371236"]
[Date "2008.3.14"]
[Round "-"]
[White "Bobhigdon"]
[Black "Daimonlex"]
[Result "0-1"]
[WhiteElo "1758"]
[BlackElo "1675"]

1. e4 c6 2. Bc4 d5 3. exd5 cxd5 4. Bb3 e5 5. d4 Nc6 6. Ne2 exd4 7. Nxd4 Nf6 8.
O-O Be7 9. Be3 O-O 10. Nd2 Re8 11. c4 dxc4 12. Bxc4 Nxd4 13. b3 Nf5 14. Bg5 b6
15. Qf3 Bd7 16. Qd3 Rc8 17. Rac1 h6 18. Bf4 Bc5 19. Qb1 Nd4 20. b4 Be7 21. Qd3
Bf5 22. Qa3 a5 23. Qb2 Bxb4 24. a3 Bxd2 25. Bxd2 Ne4 26. Be3 Nf3+ 27. gxf3 Ng5
28. Be2 Qd5 29. Bxg5 hxg5 30. Rcd1 Qe6 31. Rd2 g4 32. f4 Qe4 33. Bb5 Qf3 34.
Bxe8 Be4 35. Bxf7+ Kh8 0-1

[Event "AUTO-ADV-837"]
[Site "http://www.queenalice.com/game.php?id=371910"]
[Date "2008.3.16"]
[Round "1"]
[White "Daimonlex"]
[Black "jvjunqueira"]
[Result "0-1"]
[WhiteElo "1635"]
[BlackElo "1967"]

1. c4 e5 2. Nc3 Nf6 3. Nf3 Bc5 4. b3 Ng4 5. Ne4 d6 6. Nxc5 dxc5 7. d3 Nc6 8. h3
Nf6 9. Bb2 Qd6 10. g3 O-O 11. Bg2 Be6 12. O-O h6 13. Qd2 Nb4 14. Nxe5 Rae8 15.
a3 Na6 16. Bxb7 Nb8 17. Qe3 c6 18. Nxc6 Bxh3 19. Qd2 Bxf1 20. Rxf1 Nxc6 21. Kg2
Qc7 22. Bxf6 Qxb7 23. Rh1 Rxe2 24. Qxh6 Nd4+ 25. Kf1 Rxf2+ 26. Kxf2 Qf3+ 0-1

[Event "AUTO-ADV-837"]
[Site "http://www.queenalice.com/game.php?id=371911"]
[Date "2008.3.16"]
[Round "1"]
[White "jvjunqueira"]
[Black "Daimonlex"]
[Result "1-0"]
[WhiteElo "1831"]
[BlackElo "1629"]

1. e4 Nf6 2. Nc3 e5 3. Nf3 Nc6 4. Bc4 Bc5 5. d3 d6 6. h3 h6 7. O-O O-O 8. a3 Qe7
9. Re1 a6 10. Be3 Bxe3 11. Rxe3 Nh5 12. Nd5 Qg5 13. Nxg5 1-0

[Event "AUTO-ADV-837"]
[Site "http://www.queenalice.com/game.php?id=371912"]
[Date "2008.3.16"]
[Round "1"]
[White "Daimonlex"]
[Black "yanpom"]
[Result "1/2-1/2"]
[WhiteElo "1632"]
[BlackElo "1893"]

1. Nc3 e5 2. e4 Nc6 3. Nf3 Nf6 4. Bc4 Bc5 5. O-O O-O 6. d3 h6 7. h3 d6 8. Re1
Be6 9. Bxe6 fxe6 10. a3 Nd4 11. Nxd4 Bxd4 12. Ne2 Bxf2+ 13. Kxf2 Nxe4+ 14. Kg1
Ng5 15. h4 Nh7 16. g3 Qf6 17. Rf1 Qg6 18. Kh2 Rxf1 19. Qxf1 Rf8 20. Qg2 Qh5 21.
d4 g5 22. Be3 Kh8 23. Kh3 gxh4 24. g4 Ng5+ 25. Bxg5 Qxg5 26. Rf1 Qe3+ 27. Kxh4
Qg5+ 28. Kh3 Qe3+ 29. Ng3 Rxf1 30. Qxf1 Qxd4 31. Qf6+ Kh7 32. Qf7+ Kh8 33. Nh5
Qe3+ 34. Kh2 Qe2+ 35. Kh3 Qe3+ 36. Kh2 Qe2+ 37. Kh3 Qe3+ 38. Kh2 1/2-1/2

[Event "AUTO-ADV-837"]
[Site "http://www.queenalice.com/game.php?id=371913"]
[Date "2008.3.16"]
[Round "1"]
[White "yanpom"]
[Black "Daimonlex"]
[Result "0-1"]
[WhiteElo "1791"]
[BlackElo "1653"]

1. e4 Nf6 2. e5 Nd5 3. d4 d6 4. c4 Nb6 5. Nc3 dxe5 6. dxe5 Qxd1+ 7. Nxd1 e6 8.
Nf3 Nc6 9. Ne3 Bc5 10. Be2 O-O 11. O-O Nd4 12. Nxd4 Bxd4 13. f4 f6 14. exf6 Rxf6
15. Kh1 e5 16. fxe5 Bxe5 17. Rxf6 Bxf6 18. Rb1 Be6 19. b3 c6 20. Bb2 Bxb2 21.
Rxb2 Re8 22. h3 Bxh3 23. gxh3 Rxe3 24. Kg2 Nd7 25. Bg4 Nf6 26. Rd2 Nxg4 27. hxg4
h6 28. Kf2 Rc3 29. Rd8+ Kh7 30. Rd7 Rc2+ 31. Ke3 Rxa2 32. Rxb7 Ra3 33. Kd4 a5
34. Kc5 a4 35. bxa4 Rxa4 36. Rb6 Ra5+ 37. Kxc6 Rg5 38. Kd7 Rxg4 39. c5 Rd4+ 40.
Ke6 Re4+ 41. Kd5 Re1 42. c6 Rd1+ 43. Ke6 Re1+ 44. Kd7 Rd1+ 45. Kc8 h5 46. c7 h4
47. Kb7 Rd7 48. Kc6 Rd1 49. Kb7 Rd7 50. Kb8 Rxc7 51. Kxc7 h3 52. Rb4 g5 53. Rb3
g4 54. Kd6 h2 55. Rb7+ Kg6 56. Rb1 g3 0-1

[Event "AUTO-ADV-837"]
[Site "http://www.queenalice.com/game.php?id=371914"]
[Date "2008.3.16"]
[Round "1"]
[White "Daimonlex"]
[Black "mad_knight"]
[Result "0-1"]
[WhiteElo "1642"]
[BlackElo "1923"]

1. e4 e5 2. d4 exd4 3. c3 Qe7 4. cxd4 Qxe4+ 5. Qe2 Nf6 6. Nc3 Bb4 7. Bd2 Bxc3 8.
bxc3 O-O 9. Nf3 Qxe2+ 10. Bxe2 Re8 11. Be3 Nd5 12. Bd2 b6 13. Ne5 d6 14. Nd3 Ba6
15. Nc1 Nd7 16. Rb1 N7f6 17. h3 Ne4 18. Bxa6 Nexc3+ 0-1

[Event "AUTO-ADV-837"]
[Site "http://www.queenalice.com/game.php?id=371915"]
[Date "2008.3.16"]
[Round "1"]
[White "mad_knight"]
[Black "Daimonlex"]
[Result "1-0"]
[WhiteElo "1947"]
[BlackElo "1709"]

1. e4 c6 2. d4 d6 3. Nf3 Bg4 4. Nbd2 Nd7 5. Bd3 Ngf6 6. c3 g6 7. h3 Bxf3 8. Nxf3
Bg7 9. Be3 O-O 10. O-O Qc7 11. Nd2 e6 12. f4 d5 13. e5 Ne8 14. Nf3 f6 15. exf6
Ndxf6 16. Ne5 Nd6 17. Bf2 Nf7 18. Re1 Nxe5 19. fxe5 Nd7 20. Be3 c5 21. Rc1 cxd4
22. cxd4 Qd8 23. Qd2 Qh4 24. Bb5 Nxe5 25. dxe5 Bxe5 26. Bh6 Qg3 27. Bxf8 Qh2+
28. Kf1 Rxf8+ 29. Ke2 Qxg2+ 30. Kd1 Rf2 31. Re2 Qf3 32. Rc8+ Kg7 33. Kc2 Rf1 34.
Rxe5 Qxh3 35. Bxf1 1-0

[Event "Silence of the innocents!!"]
[Site "http://www.queenalice.com/game.php?id=371965"]
[Date "2008.3.16"]
[Round "-"]
[White "Daimonlex"]
[Black "Lintz"]
[Result "0-1"]
[WhiteElo "1642"]
[BlackElo "1875"]

1. c4 e5 2. Nc3 Bc5 3. b3 Nf6 4. e4 d6 5. Nf3 Ng4 6. d4 exd4 7. Nd5 d3 8. Ne3
Qf6 9. e5 dxe5 10. Qxd3 O-O 11. Qe4 Bb4+ 12. Ke2 Nxe3 13. Bxe3 Nc6 14. Ng5 Bf5
15. Qf3 e4 0-1

[Event "Chess Warbag!!"]
[Site "http://www.queenalice.com/game.php?id=373066"]
[Date "2008.3.18"]
[Round "-"]
[White "Daimonlex"]
[Black "AmandaMello"]
[Result "0-1"]
[WhiteElo "1682"]
[BlackElo "1883"]

1. e4 c5 2. Nf3 d6 3. d4 cxd4 4. Bc4 e5 5. Ng5 Nh6 6. c3 Nc6 7. Nf3 Ng4 8. h3
Nf6 9. Ng5 d5 10. exd5 Na5 11. Qa4+ Bd7 12. Bb5 Rc8 13. Bxd7+ Nxd7 14. O-O Be7
15. cxd4 Rc4 16. Qd1 Bxg5 17. Bxg5 Qxg5 18. dxe5 O-O 19. e6 fxe6 20. dxe6 Ne5
21. Nd2 Rcf4 22. Qe2 Nf3+ 23. Nxf3 Rxf3 0-1

[Event "Challenge"]
[Site "http://www.queenalice.com/game.php?id=377335"]
[Date "2008.3.26"]
[Round "-"]
[White "Lintz"]
[Black "Daimonlex"]
[Result "1/2-1/2"]
[WhiteElo "1924"]
[BlackElo "1694"]

1. e4 e6 2. Nf3 d6 3. d4 Nc6 4. Nc3 Nf6 5. Bd3 Be7 6. O-O O-O 7. Be3 Nb4 8. Be2
d5 9. e5 Nd7 10. a3 Nc6 11. Bd3 f6 12. exf6 Nxf6 13. h3 a6 14. Ne5 Nxe5 15. dxe5
Nd7 16. f4 Nxe5 17. fxe5 d4 18. Bxd4 Qxd4+ 19. Kh1 Qxe5 20. Be4 Bd6 21. Rxf8+
Kxf8 22. Qg1 Kg8 23. Re1 Qf4 24. Rf1 Qe5 25. Re1 Qf4 26. Rf1 Qe5 27. Re1 Qf4
1/2-1/2

[Event "Red Chess!"]
[Site "http://www.queenalice.com/game.php?id=381963"]
[Date "2008.4.4"]
[Round "-"]
[White "Daimonlex"]
[Black "llina"]
[Result "0-1"]
[WhiteElo "1703"]
[BlackElo "1454"]

1. e4 e5 2. Ne2 Nf6 3. d3 d5 4. exd5 Nxd5 5. f4 exf4 6. Nxf4 Nc6 7. Qf3 Be6 8.
Nxe6 fxe6 9. c4 Nd4 10. Qh5+ g6 11. Qd1 Nf6 12. c5 Bxc5 13. Qa4+ b5 14. Qd1 O-O
15. b4 Bxb4+ 16. Bd2 Qd6 17. Bxb4 Qxb4+ 18. Nd2 Qc3 19. Rc1 Qb2 20. Be2 Qxa2 21.
O-O c6 22. Bf3 Nd5 23. Be4 Ne3 24. Rxf8+ Rxf8 25. Qe1 Ndc2 26. Qg3 Qb2 27. Rb1
Rf1+ 28. Rxf1 Nxf1 29. Nxf1 Qd4+ 30. Qf2 Qxf2+ 31. Kxf2 c5 32. Ne3 Nxe3 33. Kxe3
b4 34. Kd2 a5 35. Kc2 Kf7 36. Kb3 Kf6 37. Bc6 Ke5 38. Kc4 g5 39. h3 Kf4 40. d4
cxd4 41. Kxd4 Kg3 42. Kc4 h5 43. Kd4 g4 44. hxg4 Kxg4 45. Ke5 b3 46. Kxe6 b2 47.
Be4 a4 48. Ke5 a3 49. Bb1 h4 50. Ke4 Kg3 51. Ke3 Kxg2 52. Kd2 h3 53. Kc3 h2 54.
Ba2 h1=Q 55. Bd5+ Kg1 56. Bxh1 b1=Q 0-1

[Event "A Link to the past!!"]
[Site "http://www.queenalice.com/game.php?id=385440"]
[Date "2008.4.10"]
[Round "-"]
[White "Daimonlex"]
[Black "gilsoncb"]
[Result "0-1"]
[WhiteElo "1699"]
[BlackElo "1508"]

1. e4 e5 2. Nf3 Nc6 3. Bb5 a6 4. Bxc6 dxc6 5. c3 Qd3 6. Ng1 Qxe4+ 7. Ne2 Be6 8.
O-O Bc5 9. d4 exd4 10. cxd4 Bd6 11. Nbc3 Qf5 12. Re1 Nf6 13. Be3 Ng4 14. Ng3
Bxg3 15. fxg3 O-O-O 16. Bf4 g5 17. Be3 h5 18. h3 Nxe3 19. Rxe3 Qg6 20. Qf3 Rxd4
21. Rf1 g4 22. Qf2 Rhd8 23. Ne2 Rd2 24. Qf4 gxh3 25. gxh3 Rxb2 26. Qe5 Rb1 27.
Nf4 Rxf1+ 28. Kxf1 Rd1+ 29. Kf2 Qb1 30. Re1 Rxe1 31. Qh8+ Kd7 32. Qd4+ Bd5 33.
Nxd5 Rf1+ 34. Kg2 Rg1+ 35. Kf2 Qf1+ 36. Ke3 Rxg3+ 37. Ke4 Qg2+ 0-1

[Event "Ring of chaos!!"]
[Site "http://www.queenalice.com/game.php?id=386294"]
[Date "2008.4.12"]
[Round "-"]
[White "Daimonlex"]
[Black "Lintz"]
[Result "0-1"]
[WhiteElo "1699"]
[BlackElo "1928"]

1. d4 d5 2. c4 c6 3. Nc3 Nf6 4. Nf3 e6 5. Bg5 Be7 6. Bxf6 Bxf6 7. e4 dxe4 8.
Nxe4 O-O 9. Be2 Nd7 10. O-O b6 11. Nxf6+ Nxf6 12. Qd3 a5 13. Ne5 Qc7 14. Rac1 c5
15. Rfe1 Bb7 16. Ng4 Qf4 17. Nxf6+ Qxf6 18. dxc5 bxc5 19. Rcd1 Rab8 20. Qa3 Qg5
21. Bf3 Bxf3 22. Qxf3 Rxb2 23. Qc3 Rxa2 24. Re5 Qf6 25. Qe3 Rxf2 26. Rxc5 Ra2
27. Rf1 Qb2 28. Qe4 Rd8 29. Rc7 Qb6+ 0-1

[Event "Amisted"]
[Site "http://www.queenalice.com/game.php?id=392167"]
[Date "2008.4.23"]
[Round "-"]
[White "Daimonlex"]
[Black "grega"]
[Result "0-1"]
[WhiteElo "1649"]
[BlackElo "1721"]

1. d4 d5 2. c4 Nf6 3. Nc3 e6 4. Nf3 Bb4 5. Qc2 Bxc3+ 6. bxc3 Nc6 7. Bg5 h6 8.
Bh4 b6 9. e3 Bb7 10. cxd5 exd5 11. c4 g5 12. Bg3 Ne4 13. Be5 f6 14. cxd5 Qxd5
15. Bxc7 a6 16. Bxb6 Rc8 17. Qb3 Qxb3 0-1

[Event "Star chess!!"]
[Site "http://www.queenalice.com/game.php?id=392433"]
[Date "2008.4.23"]
[Round "-"]
[White "gilsoncb"]
[Black "Daimonlex"]
[Result "1-0"]
[WhiteElo "1656"]
[BlackElo "1703"]

1. e4 e6 2. d4 d5 3. Nc3 Bb4 4. e5 Nd7 5. Nf3 c5 6. a3 Ba5 7. dxc5 Bxc3+ 8. bxc3
Nxc5 9. Bb5+ Bd7 10. Be2 Ne7 11. O-O Ne4 12. c4 Bc6 13. cxd5 Nxd5 14. Qd4 Ndc3
15. Bd3 O-O 16. Bb2 Qxd4 17. Nxd4 Bd5 18. f3 Nd2 19. Bxc3 Nxf1 20. Kxf1 Rac8 21.
Bb4 Rfd8 22. Ke2 1-0

[Event "Boltchess"]
[Site "http://www.queenalice.com/game.php?id=402490"]
[Date "2008.5.13"]
[Round "-"]
[White "Daimonlex"]
[Black "llina"]
[Result "0-1"]
[WhiteElo "1668"]
[BlackElo "1585"]

1. e4 e5 2. d4 d6 3. Nf3 exd4 4. Nxd4 c5 5. Nf3 Bg4 6. Nc3 Bxf3 7. Qxf3 f6 8.
Bc4 Nh6 9. Bxh6 gxh6 10. Nd5 Bg7 0-1

[Event "Chess lost vikings"]
[Site "http://www.queenalice.com/game.php?id=402590"]
[Date "2008.5.13"]
[Round "-"]
[White "Daimonlex"]
[Black "gilsoncb"]
[Result "1/2-1/2"]
[WhiteElo "1679"]
[BlackElo "1745"]

1. Nf3 Nc6 2. d4 d5 3. Nc3 Nf6 4. Bg5 e6 5. e4 dxe4 6. Nxe4 Be7 7. Nxf6+ Bxf6 8.
Bxf6 Qxf6 9. Bb5 Bd7 10. O-O O-O 11. Re1 a6 12. Ba4 Rad8 13. c3 b5 14. Bb3 Ne7
15. Ne5 Bc8 16. Qd3 c5 17. Bc2 Qh4 18. Re4 Qh6 19. Ng4 Qh5 1/2-1/2